More thoughts on experts (Record no. 60147)

MARC details
000 -LEADER
fixed length control field 01026cam a2200241 4500
001 - CONTROL NUMBER
control field ABS61402
008 - FIXED-LENGTH DATA ELEMENTS--GENERAL INFORMATION
fixed length control field 000000n1999 000 0 eng u
035 ## - SYSTEM CONTROL NUMBER
System control number (Sirsi) u100548
100 ## - MAIN ENTRY--PERSONAL NAME
Personal name Bickford-Smith, S.
245 ## - TITLE STATEMENT
Title More thoughts on experts
260 ## - PUBLICATION, DISTRIBUTION, ETC.
Date of publication, distribution, etc. 1999
490 ## - SERIES STATEMENT
Series statement Rent Review & Lease Renewal
Volume/sequential designation (3) September 1999, 153-157(3)
520 ## - SUMMARY, ETC.
Summary, etc. Considers the court's jurisdiction to decide questions of construction where a rent review is to be decided by an expert. It examines the CA decision in "National Grid Co plc v M25 Group Ltd" The conclusion drawn is that the court seems more willing to consider questions of construction even though the review is to be determined by an expert. (from article abstract).
590 ## - LOCAL NOTE (RLIN)
Local note ABS
650 ## - SUBJECT ADDED ENTRY--TOPICAL TERM
Topical term or geographic name entry element RENT REVIEWS
650 ## - SUBJECT ADDED ENTRY--TOPICAL TERM
Topical term or geographic name entry element RENT REVIEW CLAUSES
650 ## - SUBJECT ADDED ENTRY--TOPICAL TERM
Topical term or geographic name entry element CONSTRUCTION OF CLAUSE
650 ## - SUBJECT ADDED ENTRY--TOPICAL TERM
Topical term or geographic name entry element EXPERT DETERMINATION
650 ## - SUBJECT ADDED ENTRY--TOPICAL TERM
Topical term or geographic name entry element NATIONAL GRID CO PLC V M25 GROUP LTD
690 ## - LOCAL SUBJECT ADDED ENTRY--TOPICAL TERM (OCLC, RLIN)
Topical term or geographic name as entry element LANDLORD AND TENANT-RENT REVIEWS
700 ## - ADDED ENTRY--PERSONAL NAME
Personal name Male, J.
942 ## - ADDED ENTRY ELEMENTS (KOHA)
Suppress in OPAC 0
Holdings
Withdrawn status Lost status Source of classification or shelving scheme Damaged status Not for loan Home library Current library Shelving location Date acquired Total Checkouts Full call number Barcode Date last seen Copy number Price effective from Koha item type
    Dewey Decimal Classification     London London Journal article 19/10/1999   ABS61402 100548-1001 06/08/2019 1 06/08/2019 Journal article